[Event "MCR_CF01"]
[Site "?"]
[Date "2005.??.??"]
[Round "?"]
[White "Kyzlink, Vladimir"]
[Black "Trs, Jan"]
[Result "0-1"]
[WhiteElo "2086"]
[BlackElo "2220"]
[PlyCount "104"]
[EventDate "2005.??.??"]
[EventType "corr"]
[EventRounds "2"]
[SourceDate "2005.03.12"]

1. e4 c6 2. d4 d5 3. e5 Bf5 4. c4 e6 5. Nc3 dxc4 6. Bxc4 Nd7 7. Nge2 Nb6 8. Bb3
Ne7 9. O-O Bg6 10. Ng3 Qd7 11. Be3 Nbd5 12. Nxd5 Nxd5 13. Bc2 Rd8 14. Bxg6 hxg6
15. Bg5 Be7 16. Bxe7 Qxe7 17. Re1 Nc7 18. Re4 Qb4 19. d5 Qxb2 20. d6 Nb5 21.
Qe1 Qc3 22. Rb4 Rb8 23. f4 Qxe1+ 24. Rxe1 Nc3 25. Rc4 Nd5 26. Rb1 Kd7 27. Ne4
b6 28. g3 f6 29. Re1 g5 30. exf6 gxf6 31. fxg5 f5 32. Nf2 Kxd6 33. Nd3 Rh7 34.
g6 Rg7 35. Ne5 c5 36. h4 Nf6 37. Nf7+ Rxf7 38. gxf7 Rf8 39. Rc2 Rxf7 40. Rce2
Re7 41. Rd1+ Nd5 42. Kg2 c4 43. Kf3 b5 44. h5 b4 45. Rd4 c3 46. Re1 a5 47. h6
e5 48. Rh4 e4+ 49. Ke2 Rh7 50. Kd1 a4 51. Kc2 Kc5 52. Rh5 Kd4 0-1

[Event "MCR_CF01"]
[Site "?"]
[Date "2005.??.??"]
[Round "?"]
[White "Trs, Jan"]
[Black "Kudr, Roman"]
[Result "1/2-1/2"]
[WhiteElo "2220"]
[BlackElo "1987"]
[PlyCount "115"]
[EventDate "2005.??.??"]
[EventType "corr"]
[EventRounds "2"]
[SourceDate "2005.03.12"]

1. e4 c6 2. d4 d5 3. Nc3 dxe4 4. Nxe4 Nd7 5. Bc4 Ngf6 6. Ng5 e6 7. Qe2 Nb6 8.
Bb3 c5 9. dxc5 Bxc5 10. N1f3 h6 11. Ne4 Nxe4 12. Qxe4 Nd5 13. Ne5 O-O 14. O-O
Qc7 15. Re1 Bd6 16. Bd2 Rd8 17. Rad1 Bxe5 18. Qxe5 Qxe5 19. Rxe5 Nf6 20. f3 b6
21. Ree1 Ba6 22. Bf4 Rac8 23. c3 Rxd1 24. Rxd1 Bc4 25. Bxc4 Rxc4 26. Be5 Kf8
27. Bxf6 gxf6 28. Rd8+ Kg7 29. Kf2 f5 30. Rd4 Rc7 31. g3 e5 32. Rd6 f6 33. Ke3
Kf7 34. f4 e4 35. Rd8 Kg6 36. h3 h5 37. a3 Kf7 38. a4 Ke6 39. Re8+ Re7 40. Rd8
Rd7 41. Rg8 Rd3+ 42. Ke2 h4 43. gxh4 Rxh3 44. Re8+ Kf7 45. Ra8 a5 46. Rb8 Rxh4
47. Rxb6 Rxf4 48. Rb5 Kg6 49. b4 axb4 50. Rxb4 Rh4 51. a5 Rh2+ 52. Ke3 Ra2 53.
Kf4 Rxa5 54. Rb2 Rc5 55. Rb3 Rc7 56. c4 Rc5 57. Ra3 Re5 58. Ra7 1/2-1/2